000 01282nam a2200325 a 4500
003 AR-BaBNM
005 20251128203753.0
008 082120s2002 ||||||||||||||000 | spa||
040 _cAR-BaBNM
100 1 _aKnowles, Malcom S.
245 0 0 _aCómo desarrollar mejores directores ;
_bCómo usar materiales audiovisuales
250 _a1ª ed.
260 _aMéxico, D.F.
_bDiana
_bCentro Regional de Ayuda Técnica. Agencia para el Desarrollo Internacional
_c1972
300 _ap. irreg.
_bil., diagr.
490 0 _aBiblioteca para el director de grupos
_vv. 7; v. 8
500 _aEsta publicación ha sido preparada conjuntamente por la editorial y el Centro Regional de Ayuda Técnica, Agencia para el Desarrollo Internacional AID, Departamento de Estado del Gobierno de los Estados Unidos de América. El Centro es una organización dedi
504 _aContiene bibliografía
650 4 _aGRUPOS
650 4 _aENSEÑANZA EN GRUPO
650 4 _aLIDERAZGO
650 4 _aSEMINARIOS [METODO PEDAGOGICO]
650 4 _aENSEÑANZA AUDIOVISUAL
650 4 _aAUXILIARES AUDIOVISUALES
650 4 _aCOMUNICACION AUDIOVISUAL
700 1 _aKnowles, Hulda
700 1 _aBachman, John W.
700 1 _aCárdenas Barrios, René
_etraductor
942 _cBK
998 _cSILVI
999 _c4871
_d4871